|
|
|
|
| LEADER |
02696nam a2200493 4500 |
| 001 |
978-981-10-7796-8 |
| 003 |
DE-He213 |
| 005 |
20191027042620.0 |
| 007 |
cr nn 008mamaa |
| 008 |
180104s2018 si | s |||| 0|eng d |
| 020 |
|
|
|a 9789811077968
|9 978-981-10-7796-8
|
| 024 |
7 |
|
|a 10.1007/978-981-10-7796-8
|2 doi
|
| 040 |
|
|
|d GrThAP
|
| 050 |
|
4 |
|a QA76.758
|
| 072 |
|
7 |
|a UMZ
|2 bicssc
|
| 072 |
|
7 |
|a COM051230
|2 bisacsh
|
| 072 |
|
7 |
|a UMZ
|2 thema
|
| 082 |
0 |
4 |
|a 005.1
|2 23
|
| 245 |
1 |
0 |
|a Requirements Engineering for Internet of Things
|h [electronic resource] :
|b 4th Asia-Pacific Symposium, APRES 2017, Melaka, Malaysia, November 9-10, 2017, Proceedings /
|c edited by Massila Kamalrudin, Sabrina Ahmad, Naveed Ikram.
|
| 250 |
|
|
|a 1st ed. 2018.
|
| 264 |
|
1 |
|a Singapore :
|b Springer Singapore :
|b Imprint: Springer,
|c 2018.
|
| 300 |
|
|
|a XIV, 205 p. 72 illus.
|b online resource.
|
| 336 |
|
|
|a text
|b txt
|2 rdacontent
|
| 337 |
|
|
|a computer
|b c
|2 rdamedia
|
| 338 |
|
|
|a online resource
|b cr
|2 rdacarrier
|
| 347 |
|
|
|a text file
|b PDF
|2 rda
|
| 490 |
1 |
|
|a Communications in Computer and Information Science,
|x 1865-0929 ;
|v 809
|
| 505 |
0 |
|
|a Big data -- Cyber security -- Crowd-sourcing -- Requirements challenges -- Automation.
|
| 520 |
|
|
|a This book constitutes the proceedings of the 4th Asia Pacific Requirements Engineering Symposium, APRES 2017, held in Melaka, Malaysia, in November 2017. The 11 full papers presented together with four short papers were carefully reviewed and selected from 45 submissions. The papers are organized in topical sections on big data, cyber security, crowd-sourcing, requirements challenges, automation.
|
| 650 |
|
0 |
|a Software engineering.
|
| 650 |
|
0 |
|a Application software.
|
| 650 |
1 |
4 |
|a Software Engineering.
|0 http://scigraph.springernature.com/things/product-market-codes/I14029
|
| 650 |
2 |
4 |
|a Computer Appl. in Administrative Data Processing.
|0 http://scigraph.springernature.com/things/product-market-codes/I2301X
|
| 700 |
1 |
|
|a Kamalrudin, Massila.
|e editor.
|4 edt
|4 http://id.loc.gov/vocabulary/relators/edt
|
| 700 |
1 |
|
|a Ahmad, Sabrina.
|e editor.
|0 (orcid)0000-0002-4277-2063
|1 https://orcid.org/0000-0002-4277-2063
|4 edt
|4 http://id.loc.gov/vocabulary/relators/edt
|
| 700 |
1 |
|
|a Ikram, Naveed.
|e editor.
|4 edt
|4 http://id.loc.gov/vocabulary/relators/edt
|
| 710 |
2 |
|
|a SpringerLink (Online service)
|
| 773 |
0 |
|
|t Springer eBooks
|
| 776 |
0 |
8 |
|i Printed edition:
|z 9789811077951
|
| 776 |
0 |
8 |
|i Printed edition:
|z 9789811077975
|
| 830 |
|
0 |
|a Communications in Computer and Information Science,
|x 1865-0929 ;
|v 809
|
| 856 |
4 |
0 |
|u https://doi.org/10.1007/978-981-10-7796-8
|z Full Text via HEAL-Link
|
| 912 |
|
|
|a ZDB-2-SCS
|
| 950 |
|
|
|a Computer Science (Springer-11645)
|